000 00616nam a22001577a 4500
005 2012021600430.0
020 _c000.00
035 _aA-996228
037 _aDPL
_bENG
100 _aJolly,G.S.
_943199
245 _aBook Publishing:
_cby G.S.Jolly
_bTheory and Practice/
260 _aNew Delhi
_bHar-Anand Publications
_c1999
300 _a284p.
_c23 cms.
942 _2ddc
_cEN
_h070.5
_mJOL
999 _c63588
_d63588